League of Legends - Champions Passives - Statistics

General Stats
  • This quiz has been taken 65 times
  • The average score is 12 of 26
Answer Stats
Hint Answer % Correct
Happy Hour Gragas
75%
Love Tap Miss Fortune
72%
Hemorrhage Darius
70%
Demon Shade Evelynn
70%
Pyromania Annie
63%
Crimson Pact Vladimir
61%
Essence Theft Ahri
60%
Traveler's Call Bard
60%
Hextech Affinity Heimerdinger
60%
Death in Lavender Bel'Veth
58%
Martial Cadence Jarvan IV
56%
Concussive Blows Braum
53%
King's Tribute Trundle
47%
Stone Skin Wukong
42%
Call of the Freljord Nunu & Willump
39%
Voracity Katarina
37%
Void Shift Malzahar
37%
Determination Xin Zhao
37%
Harrier Quinn
35%
New Destiny Graves
33%
Way of the Hunter Yone
33%
Nimble Fighter Fizz
32%
Warpath Hecarim
32%
Mortal Will Pantheon
32%
Bridge Between Udyr
28%
Inherent Glamour Neeko
18%
No matching quizzes found
Score Distribution
Percent of People with Each Score
Percentile by Number Answered
Your Score History
You have not taken this quiz